| 000 | 01458cam a2200229 4500 | ||
|---|---|---|---|
| 001 | ABS63691 | ||
| 008 | 000000n2001 000 0 eng u | ||
| 035 | _a(Sirsi) u111431 | ||
| 100 | _aWilkinson, S. | ||
| 245 | _aSaving energy in the private rented sector | ||
| 260 | _c2001 | ||
| 490 |
_aCSM (Chartered Surveyor Monthly) _vMarch 2001, 27(1) |
||
| 520 | _aDescribes, and considers, the results of a project undertaken in 2000 at Sheffield Hallam University, investigating levels of energy efficiency in the private rented sector, and the scope for improvement. The key finding was that there is considerable potential for improving energy efficiency. The research findings demonstrate that private landlords have little incentive to improve energy efficiency, and many are sceptical about the capital return on any investment they make. The implication is that the future success of energy efficiency policies in the private rented sector depends on demonstrating the potential for cost-effective energy savings. To obtain a copy of the full report - 'Barriers and opportunities to improve energy efficiency in the private rented sector', contact RICS Books: 020 7222 7000. | ||
| 590 | _aABS | ||
| 650 | _aPRIVATE RENTED SECTOR | ||
| 650 | _aRESEARCH | ||
| 650 | _aSHEFFIELD HALLAM UNIVERSITY | ||
| 650 | _aLANDLORDS | ||
| 650 | _aCOSTS | ||
| 690 | _aENVIRONMENTAL AND LAND CONSULTANCY-ENERGY-ENERGY USE-ENERGY EFFICIENCY | ||
| 942 | _n0 | ||
| 999 |
_c66394 _d66394 |
||